=LDR 00000nam 2200000 4500 =001 INLIS000000000016086 =005 20200511082817 =035 ##$$a 0010-061300000016086 =008 200511################g##########0#ind## =041 ##$$a Ind =082 ##$$a 2x3.1 =090 ##$$a 2x3.1, Sue u =100 ##$$a Sueb, Musa =245 1#$$a Urgensi keimanan dalam abad globalisasi /$c Musa Sueb =260 ##$$a Jakarta :$b Pedoman ilmu jaya,$c 1996 =300 ##$$a ix, 142 hlm ; $c 14,5 x 20, 5 cm =650 #4$$a Iman kepada Allah =850 ##$$a NBPNMAT =020 ##$$a 979-659-088-3 =084 ##$$a 2x3.1 SUE u =250 ##$$a Cet. 1 =504 ##$$a Bibliografi: hlm. 141 - 142 =990 ##$$a DW00025743 =990 ##$$a DW00026634 =990 ##$$a 106.445/pb - 96 =990 ##$$a 106.446/pb - 96 =990 ##$$a 119.755/pro - 97 =990 ##$$a 122.052/pro97 =990 ##$$a 122.052/Pro-97 =990 ##$$a DW00025743 =990 ##$$a DW00026634 =990 ##$$a 106.445/pb - 96 =990 ##$$a 106.446/pb - 96 =990 ##$$a 119.755/pro - 97 =990 ##$$a 119.755/pro - 97 =990 ##$$a DW00025743 =990 ##$$a DW00026634 =990 ##$$a 106.445/pb - 96 =990 ##$$a 106.446/pb - 96 =990 ##$$a 122.052/Pro-97 =990 ##$$a 106.446/pb - 96 =990 ##$$a DW00025743 =990 ##$$a DW00026634 =990 ##$$a 106.445/pb - 96 =990 ##$$a 119.755/pro - 97 =990 ##$$a 122.052/Pro-97 =990 ##$$a 106.445/Pb - 96 =990 ##$$a DW00025743 =990 ##$$a DW00026634 =990 ##$$a 106.446/pb - 96 =990 ##$$a 119.755/pro - 97 =990 ##$$a 122.052/Pro-97 =990 ##$$a DW00026634 =990 ##$$a DW00025743 =990 ##$$a 106.445/Pb - 96 =990 ##$$a 106.446/pb - 96 =990 ##$$a 119.755/pro - 97 =990 ##$$a 122.052/Pro-97 =990 ##$$a DW00026634 =990 ##$$a DW00025743 =990 ##$$a 106.445/Pb - 96 =990 ##$$a 106.446/pb - 96 =990 ##$$a 119.755/pro - 97 =990 ##$$a 122.052/Pro-97 =990 ##$$a DW00025743 =990 ##$$a DW00026634 =990 ##$$a 106.445/Pb - 96 =990 ##$$a 106.446/pb - 96 =990 ##$$a 119.755/pro - 97 =990 ##$$a 122.052/Pro-97 =990 ##$$a 119.755/pro - 97 =990 ##$$a DW00025743 =990 ##$$a DW00026634 =990 ##$$a 106.445/Pb - 96 =990 ##$$a 106.446/pb - 96 =990 ##$$a 122.052/Pro-97